Documento propiedad de Don Juan Morales (Record no. 4837)

MARC details
000 -CABECERA
campo de control de longitud fija 02605nam a2200361 a 4500
001 - NÚMERO DE CONTROL
campo de control BRCA_5143
005 - FECHA Y HORA DE LA ÚLTIMA TRANSACCIÓN
campo de control 20190320204946.0
008 - DATOS DE LONGITUD FIJA--INFORMACIÓN GENERAL
campo de control de longitud fija 221110m18331848mx-######v---#000-0#spa-#
041 ## - CÓDIGO DE LENGUA
Código de lengua del texto/banda sonora o título independiente spa
044 ## - CÓDIGO DEL PAÍS DE LA ENTIDAD EDITORA/PRODUCTORA
Código MARC del país mx
084 ## - OTRO NÚMERO DE CLASIFICACIÓN
Número de clasificación DOC134
Número de documento/Ítem .M67
-- 1833
100 1# - ENTRADA PRINCIPAL--NOMBRE DE PERSONA
Nombre de persona Morales, Juan
9 (RLIN) 13140
245 10 - MENCIÓN DE TÍTULO
Título Documento propiedad de Don Juan Morales
Mención de responsabilidad, etc. Juan Morales ... [et. al.].
260 ## - PUBLICACIÓN, DISTRIBUCIÓN, ETC.
Lugar de publicación, distribución, etc. México
Fecha de publicación, distribución, etc. 1833-1848
300 ## - DESCRIPCIÓN FÍSICA
Extensión [5] fojas
Dimensiones 31 x 22 cm.
500 ## - NOTA GENERAL
Nota general Documento que contiene varios asuntos firmados y fechados entre 1833-1848.
500 ## - NOTA GENERAL
Nota general Legajo 1: Testimonio que acredita al español Juan Morales estar casado con una mexicana a fin de evitar el efecto de las leyes del 16 de enero de 1833 y 20 de marzo de 1829. Firmado en el Palacio de Gobierno Federal de México, el 30 de marzo de 1833 por el Secretario de Relaciones [Bernardo González Angulo]. -- Legajo 2: Fe de bautizo de Felipa Josefa Manuela Jurado. Firmado el 22 de agosto de 1848 por el cura Francisco Martínez. -- Legajo 3: Don Juan Morales apela a las autoridades respectivas reclamando la herencia de la que le despojo su hija Felipa Jurado. Habla de unas pruebas adjuntas, pero pide que se mantenga en secreto. Firmado el 9 de septiembre de 1846 por el Lic. Francisco Rojas. -- Legajo 4: Certificado de matrimonio religioso de Juan Morales y Doña Maria Dolores Camacho. Firma el Dr. Nicolás Aragón.
500 ## - NOTA GENERAL
Nota general El primer legajo contiene al margen el escudo nacional mexicano con la inscripción: ´REPÚLICA FEDERAL MEXICANA´. -- El segundo legajo contiene al margen escudo nacional con la inscripción que dice: ´SELLO QUINTO. MEDIO REAL´. -- El tercer legajo contiene al margen sello con escudo nacional e inscripción: ´SELLO QUINTO. MEDIO REAL´. -- El cuarto legajo contiene al margen sello con escudo nacional e inscripción que dice: ´SELLO QUARTO. UN REAL´.
500 ## - NOTA GENERAL
Nota general El documento contiene la leyenda DOC. #302.
500 ## - NOTA GENERAL
Nota general Papel con marca de agua.
500 ## - NOTA GENERAL
Nota general Estado de conservación: contiene manchas de acidez.
506 0# - NOTA DE RESTRICCIONES AL ACCESO
Limitaciones de acceso Fondo Reservado. Para su consulta es necesario credencial de usuario y carta de motivos.
546 ## - NOTA DE LENGUA/LENGUAJE
Nota de lengua/lenguaje Texto en: español de principios del siglo XIX.
600 14 - PUNTO DE ACCESO ADICIONAL DE MATERIA--NOMBRE DE PERSONA
Nombre de persona Morales, Juan
Subdivisión general Historia
9 (RLIN) 13141
650 14 - PUNTO DE ACCESO ADICIONAL DE MATERIA--TÉRMINO DE MATERIA
Término de materia o nombre geográfico como elemento de entrada Documentos legales
Subdivisión de forma Manuscritos
Subdivisión general Historia
9 (RLIN) 12814
651 #4 - PUNTO DE ACCESO ADICIONAL DE MATERIA--NOMBRE GEOGRÁFICO
Nombre geográfico México
Subdivisión general Historia
Subdivisión cronológica Federalismo y centralismo, 1824-1853
9 (RLIN) 12576
700 1# - PUNTO DE ACCESO ADICIONAL--NOMBRE DE PERSONA
Nombre de persona González Angulo, Bernardo
Fechas asociadas al nombre 1780-1824
9 (RLIN) 13142
700 1# - PUNTO DE ACCESO ADICIONAL--NOMBRE DE PERSONA
Nombre de persona Martínez, Francisco
9 (RLIN) 13143
700 1# - PUNTO DE ACCESO ADICIONAL--NOMBRE DE PERSONA
Nombre de persona Rojas, Francisco
9 (RLIN) 13144
700 1# - PUNTO DE ACCESO ADICIONAL--NOMBRE DE PERSONA
Nombre de persona Aragón, Nicolás
9 (RLIN) 13145
902 ## - CATALOGADOR
Iniciales FDH
942 ## - ELEMENTOS DE PUNTO DE ACCESO ADICIONAL (KOHA)
Fuente del sistema de clasificación o colocación Library of Congress Classification
Tipo de ítem Koha Documentos
Holdings
Estado de retiro Estado de pérdida Estado dañado No para préstamo Localización permanente Ubicación/localización actual Fecha de adquisición Total de préstamos Signatura topográfica completa Código de barras Fecha visto por última vez Precio válido a partir de Tipo de ítem Koha
El ejemplar forma parte de la colección y puede ser consultado según las políticas vigentes.       Biblioteca del Museo Franz Mayer (Rogerio Casas-Alatriste) Biblioteca del Museo Franz Mayer (Rogerio Casas-Alatriste) 22/11/2010   DOC134 .M67 1833 5487 22/03/2019 22/03/2019 Documentos